000 00528nam a2200193Ia 4500
005 20260120132014.0
008 008 260114s9999 xx 000 0 eng d
020 _a9781383006407
037 _aEBOOK
040 _aCRL
_beng
_cCRL
041 _aeng
_2eng
084 _qCRL
100 _aCrone
_9933788
245 4 _aThe Epistle of Salim Ibn Dhakwan
260 _bOxford University PressOxford University Press
_c2023
856 _uhttps://academic.oup.com/book/49923
942 _cEBOOK
999 _c1525711
_d1525711